000 00494nam a2200145 i 4500
001 44782
003 ES-MaACL
007 t|
008 030324s1975 sp ||||1| spa d
100 1 _aClaret Serra, Andreu.
_939014
245 1 0 _aHablan los capitanes
_b: Portugal : génesis, ideología y práctica política del movimiento de las fuerzas armadas /
_cAndreu Claret Serra.
260 _aBarcelona, etc. :
_bAriel,
_c[1975]
300 _a236 p. ;
_c22 cm.
852 _aES-MaACL
_jE-8578
_bR.92981
999 _c44782
_d44782